[Event "Negombo op 3rd"]
[Site "Negambo"]
[Date "2017.08.23"]
[Round "8"]
[White "Mehalathan, Sivakumar"]
[Black "Pathirana, WP Voji Nimla"]
[Result "1/2-1/2"]
[WhiteElo "1625"]
[BlackElo "1257"]
[PlyCount "56"]
[EventDate "2017.08.20"]
[EventType "swiss"]
[EventRounds "10"]
[EventCountry "SRI"]
[SourceTitle "CBM 180 Extra"]
[Source "ChessBase"]
[SourceDate "2017.10.06"]
[SourceVersion "1"]
[SourceVersionDate "2017.10.06"]
[SourceQuality "1"]

1. e4 d5 2. exd5 Qxd5 3. Nc3 Qd6 4. Bc4 Nf6 5. d4 a6 6. f3 g6 7. Nge2 Bg7 8. Bf4 Qd8 9. Qd2 b5 10. Bb3 Bb7 11. Bh6 0-0 12. 0-0-0 Nbd7 13. Qg5 Qc8 14. a3 c5 15. Ng3 cxd4 16. Bxg7 Kxg7 17. Rxd4 Nc5 18. Rh4 Kh8 19. Ba2 Ne6 20. Qh6 Ng7 21. Re1 e6 22. Nce4 Bxe4 23. fxe4 e5 24. Rf1 Nfh5 25. Nxh5 gxh5 26. Qe3 Qc7 27. g4 Rac8 28. Bb3 a5 1/2-1/2

[Event "Negombo op 3rd"]
[Site "Negambo"]
[Date "2017.08.21"]
[Round "4"]
[White "Mehalathan, Sivakumar"]
[Black "Dissanayake, Praveen Manodya"]
[Result "1/2-1/2"]
[WhiteElo "1625"]
[BlackElo "1134"]
[PlyCount "49"]
[EventDate "2017.08.20"]
[EventType "swiss"]
[EventRounds "10"]
[EventCountry "SRI"]
[SourceTitle "CBM 180 Extra"]
[Source "ChessBase"]
[SourceDate "2017.10.06"]
[SourceVersion "1"]
[SourceVersionDate "2017.10.06"]
[SourceQuality "1"]

1. e4 e5 2. Nf3 Nf6 3. Nxe5 d6 4. Nf3 Nxe4 5. Nc3 Nxc3 6. dxc3 d5 7. Be3 Nc6 8. Bb5 Be7 9. Qd2 a6 10. Ba4 b5 11. Bb3 Be6 12. 0-0-0 Bf6 13. Bxd5 Bxd5 14. Qxd5 Qxd5 15. Rxd5 0-0 16. Rc5 Ne7 17. Rxc7 Nd5 18. Rd7 Nxe3 19. fxe3 Rfe8 20. Re1 Rab8 21. Ra7 a5 22. Rxa5 b4 23. cxb4 Rxb4 24. c3 Rc4 25. Kc2 1/2-1/2